Langue française: le jeu des anagrammes #2 - Statistiques

Statistiques générales
  • Ce quiz a été pris 1 277 fois
  • Le résultat moyen est 18 sur 20
Statistiques - réponses
Instruction Définition Réponse % Correct
Enlever "X" Sage comme une ... Image
99%
A I X E M G "Table" du DJ Mixage
96%
Ajouter "R" Appartion dans le désert Mirage
93%
Enlever "E" Elle a cinq doigts Main
92%
Enlever "O" On y extrait du charbon, diamant,... Mine
91%
Ajourter "M" Religieux vivant en communauté Moine
91%
Enlever "N" Personne très proche de soi Ami
90%
Ajouter "R" Il a la bague au doigt Marié
90%
Enlever "R" Dit non Nie
90%
Ajouter "O" S'étouffe dans l'eau Noie
90%
Enlever "G" Ce que font les vers d'un poème Rimer
90%
Enlever "M" Grosse colère Ire
89%
Enlever "R" La ligne droite imaginée par l'œil du tireur Mire
89%
Ajouter "N" Armée de mer Marine
88%
Ajouter "R" Comme les oiseaux en hiver Migrer
88%
Ajouter "N" Néant, vide Rien
88%
Enlever "A" Se plaindre Gémir
85%
Ajouter "E" Remplis d'amour Aimé
84%
Ajouter "A" Habitude bizzare Manie
77%
Ajouter "T" Un extra-terrestre Martien
68%
Aucun quiz correspondant
Distribution des résultats
% des personnes avec chaque résultat
Percentile par nombre de réponses
Votre historique - résultats
Vous n’avez pas pris ce quiz